000 00661nam a22002177a 4500
005 20240419101520.0
008 230713b |||||||| |||| 00| 0 eng d
020 _a9780140297065
_cRs.350.00
040 _aLoreto College
041 _aEnglish
082 _a305.5122
_bGUP
100 _aGupta,Dipankar
245 _aInterrogating caste
_bUnderstanding hierarchy and difference in Indian society
_cDipankar Gupta
260 _aGurgaon
_bPenguin Books India
_c2000
300 _aix,300p
_b22cm
504 _aIncludes bibliographical references and index
650 _aSociology
650 _aCaste system
_zIndia
850 _aLCLIB
_bPCCHANDRA
942 _cBK
999 _c43362
_d93841